Space 50 : (Record no. 600417)

MARC details
000 -LEADER
fixed length control field 00446nam a2200193 a 4500
008 - FIXED-LENGTH DATA ELEMENTS--GENERAL INFORMATION
fixed length control field 251205s2006##################000#0#eng##
020 ## - INTERNATIONAL STANDARD BOOK NUMBER
ISBN 9780060890100
082 04 - DEWEY DECIMAL CLASSIFICATION NUMBER
Classification number 629.4
Item number BIZ
100 1# - MAIN ENTRY--AUTHOR NAME
Personal name Bizony, Piers,
245 10 - TITLE STATEMENT
Title Space 50 :
260 ## - PUBLICATION, DISTRIBUTION, ETC. (IMPRINT)
Name of publisher Smithsonian,
Year of publication 2006.
300 ## - PHYSICAL DESCRIPTION
Number of Pages 328 pages
650 #0 - SUBJECT ADDED ENTRY--TOPICAL TERM
Topical Term Science.
942 ## - ADDED ENTRY ELEMENTS (KOHA)
Koha item type English Books
Holdings
Withdrawn status Lost status Damaged status Not for loan Home library Current library Shelving location Date acquired Full call number Accession Number Price effective from Koha item type
        Anna Centenary Library Anna Centenary Library 6TH FLOOR, A WING 05.12.2025 629.4 BIZ 467293 05.12.2025 English Books
        Anna Centenary Library Anna Centenary Library 6TH FLOOR, A WING 05.12.2025 629.4 BIZ 436018 05.12.2025 English Books

Find us on the map